| 000 | 01250cam a22002771i 4500 | ||
|---|---|---|---|
| 003 | SA-RiAUC | ||
| 005 | 20250417081025.0 | ||
| 008 | 250416s1999 su g f000 0 ara c | ||
| 020 | _a9960660001 | ||
| 040 |
_aSA-MAUQU _bara _cSA-RiAUC _erda |
||
| 043 | _aa-su--- | ||
| 082 | 0 | 4 |
_a953.11 _qSA-RiAUC |
| 090 |
_a953.11 _b ا ب ن ر |
||
| 100 | 1 |
_aابن ربيعة، محمد بن ربيعة بن محمد، _d1065-1158 هجري _eمؤلف. |
|
| 245 | 1 | 0 |
_aتاريخ ابن ربيعة / _cتأليف محمد بن ربيعة ؛ دراسة وتحقيق عبد الله بن يوسف الشبل. |
| 264 | 1 |
_aالرياض : _bمكتبة الملك فهد الوطنية، _c1999 |
|
| 300 |
_a99 صفحة ؛ _c24 سم |
||
| 336 |
_aنص _btxt _2rdacontent _3كتاب |
||
| 337 |
_aبدون وسيط _bn _2rdamedia |
||
| 338 |
_aمجلد _bnc _2rdacarrier |
||
| 651 | 7 |
_aنجد (السعودية) _xتاريخ _2aucsh |
|
| 700 | 1 |
_aالشبل، عبد الله يوسف عبد العزيز، _d1355 هجري- _eمحقق. |
|
| 700 | 1 | 2 |
_iتحقيق لـ (عمل) : _aابن ربيعة، محمد بن ربيعة بن محمد، _d1065-1158 هجري. _tتاريخ ابن ربيعة. |
| 942 |
_2ddc _cBOOK _n0 |
||
| 949 |
_aSA-JeALM _d250416 _umohamedma123 _n1 |
||
| 999 |
_c7135 _d7135 |
||